000 00520nam a2200193Ia 4500
005 20250508163501.0
008 008 250505s9999 xx 000 0 eng d
037 _aTextual
040 _aFEDL
_beng
_cFEDL
041 _aeng
_2eng
084 _a370, BRU
_qFEDL
100 _aBruner Jerome S.
245 0 _aToward a theory of instruction
260 _aCambridge
_bHarvard University Press
_c1966
300 _ax,176p.
650 _aEducation
942 _cTEXL
_h370, BRU
999 _c1383594
_d1383594